Theoretické základy techniky centimetrových vln

Salvato in:
Dettagli Bibliografici
Autore principale: Kvasil, Bohumil (Autore)
Natura: Libro
Lingua:ceco
Pubblicazione: Praha : SNTL, 1957
Edizione:1. vyd.
Tags: Aggiungi Tag
Nessun Tag, puoi essere il primo ad aggiungerne!!

MARC

LEADER 00000nam a22000003a 4500
001 stu52877
005 20150617225704.4
008 000329s1957----cs------------------cze-d
040 |a STU  |b slo 
041 0 |a cze 
044 |a cs 
080 |a 621.3.021.64 
080 |a 538.56.029.64 
100 1 |a Kvasil, Bohumil  |4 aut 
245 1 |a Theoretické základy techniky centimetrových vln 
250 |a 1. vyd. 
260 |a Praha :  |b SNTL,  |c 1957 
300 |a 303 s 
996 |b 284EK03729  |c E*10803  |l EE01  |s A  |a 24  |w stu52877_0001